| 000 | 00607nam a2200241Ia 4500 | ||
|---|---|---|---|
| 003 | OSt | ||
| 005 | 20221007100856.0 | ||
| 006 | a|||||r|||| 00| 0 | ||
| 007 | ta | ||
| 008 | 221006b |||||||| |||| 00| 0 eng d | ||
| 024 | _a5,347 | ||
| 037 | _cTextual | ||
| 040 |
_aLCO _cLCO _beng |
||
| 041 |
_2eng _aeng |
||
| 082 | _aZ,2,41, K3 | ||
| 100 |
_aRAMAMURTI M _9702222 |
||
| 245 | 0 | _aLaw of wills in India | |
| 260 |
_aAllahabad _bLaw publishers _c1963 |
||
| 300 | _a1033 | ||
| 650 |
_aWILLS LAW _9702223 |
||
| 942 |
_hZ,2,41, K3 _cTEXL |
||
| 999 |
_c1174910 _d1174910 |
||